000 00813nam a2200229 a 4500
005 20140412111313.0
008 010417s19uu xx 00 eng d
020 _a0-87044-404-2
050 _aM 551.48
_bA525 19_?
100 _aAmos, William Hopkins
245 _aLife in the ponds and streams /
_cWilliam Hopkins Amos.
260 _bNational Geographic Society,
_c[n.d.]
300 _a30 p. ; ill.
440 _aBooks for young explorers
520 _aAn introduction to the animals that live in ponds and streams, including beavers, frogs, ducks, crayfish, trout, and insects.
650 _aPond ecology-Juvenile literature
650 _aStream ecology-Juvenile literature
650 _aPond animals
650 _aStream animals
650 _aNational Geographic Society (U.S.)
999 _c104099
_d104099